Algoritmos de optimización lineal /
Guardado en:
| Autor Principal: | |
|---|---|
| Autores Corporativos: | , |
| Formato: | Libro |
| Idioma: | Spanish |
| Publicado: |
Buenos Aires :
Consejo Nacional de Investigaciones Científicas y Técnicas,
1981.
|
| Series: | Publicaciones (Centro Latinoamericano de Matemática e Informática) ;
2 |
| Etiquetas: |
Agregar Etiqueta
Sin Etiquetas, Sea el primero en etiquetar este registro!
|
| LEADER | 01232nam a22002415a 4500 | ||
|---|---|---|---|
| 001 | MAT.inmabb006709 | ||
| 008 | 120829s1981####ag#######b####100#0#spa#d | ||
| 005 | 20130219110801.0 | ||
| 245 | 1 | 0 | |a Algoritmos de optimización lineal / |c Miguel Herrera. |
| 260 | |a Buenos Aires : |b Consejo Nacional de Investigaciones Científicas y Técnicas, |c 1981. | ||
| 300 | |a 86 p. ; |c 23 cm. | ||
| 490 | 1 | |a [Publicaciones] / Centro Latinoamericano de Matemática e Informática ; |v 2 | |
| 500 | |a "Primer seminario latinoamericano de matemática aplicada". | ||
| 500 | |a "Comisión Nacional de Investigaciones Espaciales, Argentina. Universidad Nacional de Asunción, Paraguay.". | ||
| 500 | |a "CLAMI, Centro Latinoamericano de Matemática e Informática"--Cubierta. | ||
| 504 | |a Incluye referencias bibliográficas (p. 85-86). | ||
| 100 | 1 | |a Herrera, Miguel E. | |
| 710 | 2 | |a Centro Latinoamericano de Matemática e Informática. | |
| 711 | 2 | |a Seminario latinoamericano de matemática aplicada |n (1.º : |d 1981 : |c Asunción, Paraguay) | |
| 830 | 0 | |a Publicaciones (Centro Latinoamericano de Matemática e Informática) ; |v 2 | |
| 084 | |a 90C05 (65Kxx) |2 msc2000 | ||
| 859 | |h 90 |i H565 |p A-5605 |b BIB. MATEMATICA | ||
| 859 | |h 90 |i H565 |p A-5726 |t Ej. 2 |b BIB. MATEMATICA | ||
